000 00297 a2200157 4500
001 182798
020 _a
040 _cMagnum
100 _aMalba Tahan
240 1 0 _aSeleções
_lpor
245 1 0 _aSeleções
300 _a219
362 0 _a1963
697 _aLITERATURA GERAL
942 _cBK
999 _c182798
_d182798